Reclaiming Hindu Temples/ (Record no. 216854)

MARC details
000 -LEADER
fixed length control field 00602nam a22002057a 4500
005 - DATE AND TIME OF LATEST TRANSACTION
control field 20260703113517.0
010 ## - LCCN (DPL NO)
LC control number ENG-148990
020 ## - INTERNATIONAL STANDARD BOOK NUMBER
Terms of availability 299.00
International Standard Book Number 9781942426745
035 ## - SYSTEM CONTROL NUMBER
System control number EN-132522
037 ## - SOURCE OF ACQUISITION
Source of stock number/acquisition DBAD
082 ## - DEWEY DECIMAL CLASSIFICATION NUMBER
Classification number 726.145
Edition number 1
100 ## - MAIN ENTRY--PERSONAL NAME
Personal name Sengupta, Chandni
245 ## - TITLE STATEMENT
Title Reclaiming Hindu Temples/
Statement of responsibility, etc Chandni Sengupta
250 ## - EDITION STATEMENT
Edition statement 1
260 ## - PUBLICATION, DISTRIBUTION, ETC. (IMPRINT)
Place of publication, distribution, etc Gurugram
Name of publisher, distributor, etc Guruda Prakashan Private Limited
Date of publication, distribution, etc 2021
270 ## - ADDRESS
City Gurugram
Address Garuda Prakashan Private Limited
300 ## - PHYSICAL DESCRIPTION
Extent 227p.
Dimensions 21cm(pb)
500 ## - GENERAL NOTE
General note Episodes from an Oppressive Era
942 ## - ADDED ENTRY ELEMENTS (KOHA)
Source of classification or shelving scheme Dewey Decimal Classification
Item type English Books
Classification part 726.145
Call number suffix SEN
Holdings
Withdrawn status Lost status Not for loan Collection code Home library Current library Date acquired Source of acquisition Cost, normal purchase price Full call number Barcode Copy number Cost, replacement price Koha item type
    Not For Loan Non-fiction D.B.Act.Division D.B.Act.Division 03/07/2026 Delivery of Books Act Division 299.00 726.145 SEN EN-132522 1 299.00 English Books

© Delhi Public Library
Hit Counter
free hit counter